| 000 | 00811nam a22002177a 4500 | ||
|---|---|---|---|
| 005 | 20230614073928.0 | ||
| 008 | 230112b |||||||| |||| 00| 0 eng d | ||
| 020 | _a978-1-78892-249-4 | ||
| 082 | _a372.65 Ea76 2019 | ||
| 100 |
_aJaskow, Joanna R. _eauthor |
||
| 245 |
_aEarly instructed second language acquisition: _bpathways to competence / _cJoanna Rokita-Jaskow, Melanie Ellis |
||
| 260 |
_aBristol, UK: _bMultilingual Matters, _cc2019. |
||
| 300 | _ax, 257p. | ||
| 490 | _aEarly language learning in school context; 2 | ||
| 504 | _aIncludes index and references | ||
| 541 | _e6478 | ||
| 650 | _aSecond language acquisition | ||
| 650 | _alanguage and languages - Study and teaching (Elementary) | ||
| 650 | _aEnglish language - Study and teaching (Elementary) | ||
| 700 |
_aEllis, Melanie _eauthor |
||
| 999 |
_c527 _d527 |
||